书目信息 |
| 题名: |
美国中东战略下的伊拉克战争与重建
|
|
| 作者: | 汪波 著 | |
| 分册: | ||
| 出版信息: | 北京 时事出版社 2007.07 |
|
| 页数: | 323页 | |
| 开本: | 25cm | |
| 丛书名: | 上海外国语大学中东研究所基地丛书 | |
| 单 册: | ||
| 中图分类: | D815.4 | |
| 科图分类: | ||
| 主题词: | 伊拉克战争--研究 | |
| 电子资源: | ||
| ISBN: | 978-7-80232-071-0 | |
| 000 | 01290nam 2200277 450 | |
| 001 | 012010622865 | |
| 005 | 20101124105625.21 | |
| 010 | @a978-7-80232-071-0@dCNY42.00 | |
| 100 | @a20101129d2007 em y0chiy0110 ea | |
| 101 | 0 | @achi |
| 102 | @aCN@b110000 | |
| 105 | @ay a 000yy | |
| 200 | 1 | @a美国中东战略下的伊拉克战争与重建@Amei guo zhong dong zhan lue xia de yi la ke zhan zheng yu chong jian@d= Irap war and post-war reconstruction under US middle east strategy@f汪波著@zeng |
| 210 | @a北京@c时事出版社@d2007.07 | |
| 215 | @a323页@d25cm | |
| 225 | 2 | @a上海外国语大学中东研究所基地丛书 |
| 300 | @a上海市哲学社会科学“十五”规划课题研究成果 教育部人文社会科学重点研究基地资金资助 | |
| 320 | @a有书目 (第300-322页) | |
| 330 | @a本书从理论和实践的角度,对美国发动伊拉克战争的过程及合法性以及伊拉克战后重建中出现的社会动荡和政治危机展开全面分析。指出美国发动的伊拉克战争和重建行动,不仅无法用西方的自由主义观念做出合理解释,而且也包含着美国政府政策失误、联军临时权力机构管理效率低下等一系列原因。 | |
| 410 | 0 | @12001 @a上海外国语大学中东研究所基地丛书 |
| 510 | 1 | @a Irap war and post-war reconstruction under US middle east strategy@zeng |
| 606 | 0 | @a伊拉克战争@x研究 |
| 690 | @aD815.4@v4 | |
| 701 | 0 | @a汪波@Awang bo@4著 |
| 801 | 0 | @aCN@c20101129 |
| 905 | @dD815.4@eW056 | |
| 美国中东战略下的伊拉克战争与重建= Irap war and post-war reconstruction under US middle east strategy/汪波著.-北京:时事出版社,2007.07 |
| 323页;25cm.-(上海外国语大学中东研究所基地丛书) |
| 上海市哲学社会科学“十五”规划课题研究成果 教育部人文社会科学重点研究基地资金资助 |
| ISBN 978-7-80232-071-0:CNY42.00 |
| 本书从理论和实践的角度,对美国发动伊拉克战争的过程及合法性以及伊拉克战后重建中出现的社会动荡和政治危机展开全面分析。指出美国发动的伊拉克战争和重建行动,不仅无法用西方的自由主义观念做出合理解释,而且也包含着美国政府政策失误、联军临时权力机构管理效率低下等一系列原因。 |
| ● |
| 相关链接 |
|
|
|
正题名:美国中东战略下的伊拉克战争与重建
索取号:D815.4/W056
 
预约/预借
| 序号 | 登录号 | 条形码 | 馆藏地/架位号 | 状态 | 备注 |
| 1 | 1035266 | 210352660 | 社科库509/509社科库 78排9列1层/ [索取号:D815.4/W056] | 在馆 | |
| 2 | 1035267 | 210352679 | 社科库509/509社科库 78排9列1层/ [索取号:D815.4/W056] | 在馆 | |
| 3 | 1035268 | 210352688 | 社科库509/509社科库 78排9列1层/ [索取号:D815.4/W056] | 在馆 |